بہشتی زیور (Record no. 612531)

000 -LEADER
fixed length control field 00309nam a22001217a 4500
040 ## - CATALOGING SOURCE
Transcribing agency Nust
082 ## - DEWEY DECIMAL CLASSIFICATION NUMBER
Classification number 297.7
Author Mark ASH
100 ## - MAIN ENTRY--PERSONAL NAME
Personal name Maulana Ashraf Ali Thanvi
9 (RLIN) 114492
245 ## - TITLE STATEMENT
Title بہشتی زیور
260 ## - PUBLICATION, DISTRIBUTION, ETC.
Place of publication, distribution, etc. Lahore:
Name of publisher, distributor, etc. Maktaba Rehmania,
Date of publication, distribution, etc. 1995.
650 ## - SUBJECT ADDED ENTRY--TOPICAL TERM
Topical term or geographic name entry element بہشتی زیور
9 (RLIN) 121343
942 ## - ADDED ENTRY ELEMENTS (KOHA)
Source of classification or shelving scheme
Koha item type Book
Holdings
Withdrawn status Lost status Source of classification or shelving scheme Damaged status Not for loan Permanent Location Current Location Shelving location Date acquired Total Checkouts Full call number Barcode Date last seen Price effective from Koha item type
          College of Electrical & Mechanical Engineering (CEME) College of Electrical & Mechanical Engineering (CEME) General Stacks 01/08/2025   297.7 ASH CEME- 33823 01/08/2025 01/08/2025 Book
© 2023 Central Library, National University of Sciences and Technology. All Rights Reserved.